Математика (Запис номер 1041)
[ съкратено ]
| 000 -Лидер | |
|---|---|
| Контролно поле с фиксирана дължина | 01738nam a2200361 c 4500 |
| 003 - Код на организацията, давaща контролен номер | |
| Контролно поле | BLK |
| 005 - Дата и час на последна редакция | |
| Контролно поле | 20180420213312.0 |
| 008 - Елементи от данни с фиксирана дължина | |
| fixed length control field | 180412b bul|||||r ||||||| ||bul|| |
| 010 ## - Наследен системен номер | |
| LC control number | KNG00001803000 |
| 020 ## - Международен стандартен номер на книга ISBN | |
| Международен стандартен номер на книга ISBN | 954-01-0040-2 |
| -- | издат.: Просвета |
| 040 ## - Източник на каталожния запис | |
| Идентификатор на билиотеката - собственик на записа | BLK |
| 041 ## - Код за език | |
| Код за езика на текст/звукозапис или на отделно заглавие | Български |
| Код за езика КДБФ | Български |
| 080 ## - УДК | |
| Текстов определител УДК | Основи на математиката в основното образование |
| УДК код - определител по УДК | 372.47 |
| УДК определител | (075.2) |
| УДК - код + определител | 372.47(075.2) |
| 100 1# - Редна дума - Автор | |
| Автор | Радев, Ради Маринов |
| Авторска отговорност | първи автор |
| R(LIN) | 243459 |
| 139 ## - Редно поле | |
| Редна дума | Радев, Ради Маринов и др. |
| Авторски знак | Рад - Р 12 |
| 245 10 - Сведения за заглавието | |
| Заглавие | Математика |
| Подзаглавни данни | За II кл. на СОУ |
| Редно поле (дума) | Ради Маринов Радев; съавт. Величко Филипов Михайлов; съавт. Мария Проданова Игнатова. |
| 257 ## - Страна на издаване | |
| Страна на създаване/издаване | България |
| 260 ## - Област на издателските данни | |
| -- | София |
| Име на издателя, разпространителя и проч. | Просвета |
| Година на издаване | 1991 |
| 300 ## - Физическа характеристика | |
| Страници | 144 с. |
| Илюстрации и др. | с цв. ил. |
| Размери/Мащаб | 24 см |
| 380 ## - Жанр | |
| Жанр | Обществени науки |
| 500 ## - Общи забележки | |
| Забележка | Авт. не са отбелязани на кор. ; Пълното име на третата авт. е Мария Проданова Иванова-Игнатова. - 130 090 тир., доп. тир. 1992, 1993, 1995. |
| 650 #4 - Допълнително описание по предмет – тема | |
| Основно описание – тема или топоним | Математика - учебници за основни училища |
| 9 (RLIN) | 243462 |
| 653 ## - Ключова дума – ненормативна | |
| Ключова дума | математика |
| 653 ## - Ключова дума – ненормативна | |
| Ключова дума | ІІ кл. |
| 653 ## - Ключова дума – ненормативна | |
| Ключова дума | учебници за основни училища |
| 700 1# - Други автори (авторска отговорност) | |
| Лично име | Михайлов, Величко Филипов |
| Автороска отговорност (Описва отношението между автора и произведението) | съавт. |
| 9 (RLIN) | 243460 |
| 700 1# - Други автори (авторска отговорност) | |
| Лично име | Игнатова, Мария Проданова |
| Автороска отговорност (Описва отношението между автора и произведението) | съавт. |
| 9 (RLIN) | 243461 |
| 852 ## - Местоположение | |
| Форматна сигнатура | Цб 167052 |
| 856 4# - Електронен адрес и достъп | |
| Електронен формат | pdf - файл |
| Път до файла /url/ | |
| 856 4# - Електронен адрес и достъп | |
| Електронен формат | pdf - файл |
| Път до файла /url/ | |
| 942 ## - АРТИКУЛИ | |
| Вид на библиотечния материал | Книги |
| Скрит в OPAC | Не |
| 944 ## - СЪЗДАВАНЕ И РЕДАКЦИЯ на ЗАПИСА | |
| Създаване/Редакция | Създаване |
| Дата на регистрацията/редакция | 15.01.2003 |
| Статус, дата на статуса | ф / |
| Служител, извършил регистрацията/редакцията | AB_DOS |
| 944 ## - СЪЗДАВАНЕ И РЕДАКЦИЯ на ЗАПИСА | |
| Създаване/Редакция | Редакция |
| Дата на регистрацията/редакция | 24.08.2015 |
| Статус, дата на статуса | ф / |
| Служител, извършил регистрацията/редакцията | Людмила_Стоянова |
| 999 ## - СИСТЕМНИ КОНТРОЛНИ НОМЕРА | |
| Koha biblionumber | 1041 |
| Koha biblioitemnumber | 1041 |
| Код за отписване | Код за изгубен артикул | Източник на класификационната схема | Код за повреда | Коз за рестрикции | Код за отдаване | Артикулен № | Име на библиотеката - собственик | Име на библиотеката, в която се намира в момента | Статус (Текущо местоположение) | Дата на вписване в системата | Местоположение - отдел | Цена в лева | Инвентарен номер | Систематично азбучна сигнатура | Баркод | Номер на екземпляра | Цена в евро | Служебна бележка | Служебен тип на артикула |
|---|---|---|---|---|---|---|---|---|---|---|---|---|---|---|---|---|---|---|---|
| Не е изгубен | Universal Decimal Classification | Не е повреден | без рестрикции | ползва се в читалня | 2120 | Регионална библиотека "Любен Каравелов" Русе | Регионална библиотека "Любен Каравелов" Русе | Хранилище | 1991-01-01 | Хранилище | 10.30 | 561063 | Цб 167052 | 120000561063 | 1 | 5.27 | Дост: Dp Вид: Д N: стар фонд Дата: 01.01.1991 | Книги | |
| Изтеглен | Не е изгубен | Universal Decimal Classification | Не е повреден | без рестрикции | заемане за дома | 2121 | Регионална библиотека "Любен Каравелов" Русе | Регионална библиотека "Любен Каравелов" Русе | Детски отдел | 2001-01-01 | Детски отдел | 0.85 | 615702 | ДН 372.47/Р 12 | 615702 | 2 | 0.43 | Дост: DA Вид: А N: стар фонд Дата: 01.01.2001 Дата инв: 25.08.2015 Бележки инв: Д2015 | Книги |